000 00889nam a2200205 i 4500
001 157329
003 ES-MaACL
005 20250815115110.0
008 040806s1889 fr af |||| | fre d
040 _aCAM
_bspa
_cCAM
100 1 _aLayet, Alexandre.
_9128761
245 1 0 _aTraité pratique de la vaccination animale /
_cpar A. Layet ; orné de figures dans le texte et de 22 planches en chromo-litographie avec une lettre-préface de Brouardel.
260 _aParis :
_bFélix Alcan, éditeur,
_c1889 (
_eBordeaux :
_fImprimerie Nouvelle A. Bellier et C.)
300 _a320 p., [22] h. lám :
_bil. ;
_c25 cm.
650 7 _aVacunas (Veterinaria)
_2embne
_9160151
650 7 _aVacunación de animales
_2embne
_9160152
700 1 _aBrouardel, Paul (
_d1837-1906)
_9126192
852 _aES-MaACL
_jG-8869
_z-- Enc. hol., conservando la cub. original
999 _c157329
_d157329